00933 am a2200229 a 450000500170000000800410001702000150005804100130007310000230008624500470010925002640015626000440042030000130046450001060047765300160058365300180059965300170061765300170063465300150065165300170066670000200068320240627110123.0100305s1996||||sp a f |||| 001 0 spa d a8420522996 aspaheng1 aWilliams, Peter L. aGray Anatomía. bT.1 /cPeter L. William a36a ed. versión española de la obra original en inglésbTraducción Celestino Barastegui Almagro ; Ginés Domenech Ratto ; Manuel Nombela Gómez ; Alfonso Puchades Ort ; Juan Antonio Durán Otero ; Miguel Angel Renart Pita y Margarita Varela Morales aMadrid: bChurchill Livingstone;c1996. a1-881 p. aWilliams, P. L. y Warwick, R. (1996). Gray anatomía. T.1 (36a ed.). Madrid : Churchill Livingstone. aCitología aEmbriología aOsteología aArtrología aMiología aAngiología1 aWarwick, Roger.